Regulace činnosti bank
Salvato in:
| Autore principale: | |
|---|---|
| Natura: | Libro |
| Lingua: | ceco |
| Pubblicazione: |
Praha
Bankovní institut vysoká škola
2005
|
| Soggetti: | |
| Tags: |
Nessun Tag, puoi essere il primo ad aggiungerne!!
|
MARC
| LEADER | 00000nam$a2200000$$$4500 | ||
|---|---|---|---|
| 001 | 0054488 | ||
| 005 | 20221129082926.6 | ||
| 020 | |a 80-7265-071-8 | ||
| 041 | 0 | |a cze | |
| 044 | |a CZ | ||
| 245 | 1 | 0 | |a Regulace činnosti bank |c Ivan Babouček a kolektiv |
| 264 | 1 | |a Praha |b Bankovní institut vysoká škola |c 2005 | |
| 300 | |a 317 s. | ||
| 610 | 2 | 0 | |a banky |
| 610 | 2 | 0 | |a banka-podnik |
| 610 | 2 | 0 | |a regulácia |
| 610 | 2 | 0 | |a trh finančný |
| 610 | 2 | 0 | |a bankovníctvo |
| 610 | 2 | 0 | |a dohľad bankový |
| 610 | 2 | 0 | |a Česko |
| 610 | 2 | 0 | |a sústava banková |
| 610 | 2 | 0 | |a svet |
| 610 | 2 | 0 | |a porovnanie medzinárodné |
| 610 | 2 | 0 | |a riziko bankové |
| 610 | 2 | 0 | |a riziko úverové |
| 610 | 2 | 0 | |a riziko trhové |
| 610 | 2 | 0 | |a právo |
| 610 | 2 | 0 | |a Európske spoločenstvá |
| 610 | 2 | 0 | |a služby finančné |
| 610 | 2 | 0 | |a Nová bazilejská dohoda |
| 100 | 1 | |a Babouček, Ivan | |